Torgyán - botrány Szegeden
Elmentve itt :
| Szerző: | |
|---|---|
| Dokumentumtípus: | Cikk |
| Megjelent: |
1994-08-29
|
| Sorozat: | Délmagyarország
84 No. 201 |
| Kulcsszavak: | Balázsfi Lajosné, Csongrád megye, Politikai élet pártok Független Kisgazda- Földmunkás- és Polgári Párt Csongrád megye |
| Online Access: | http://dmarchiv.bibl.u-szeged.hu/86914 |
| LEADER | 00567nab a2200157 i 4500 | ||
|---|---|---|---|
| 001 | delm86914 | ||
| 005 | 20191011083911.0 | ||
| 008 | 191011s1994 hu o 0|| hun d | ||
| 040 | |a SZTE Délmagyarország Archívum |b hun | ||
| 041 | |a hun | ||
| 100 | 1 | |a Kisimre Ferenc | |
| 245 | 1 | 0 | |a Torgyán - botrány Szegeden |h [elektronikus dokumentum] / |c Kisimre Ferenc |
| 260 | |c 1994-08-29 | ||
| 300 | |a 1, 3 | ||
| 490 | 0 | |a Délmagyarország |v 84 No. 201 | |
| 695 | |a Balázsfi Lajosné, Csongrád megye, Politikai élet pártok Független Kisgazda- Földmunkás- és Polgári Párt Csongrád megye | ||